[Event "Oregon Closed Invitational"]
[Site "Portland, OR"]
[Date "2018.09.16"]
[Round "5.5"]
[White "Shannon, Paul D"]
[Black "Deeth, Steven B"]
[Result "0-1"]
[WhiteElo "2000"]
[BlackElo "2019"]
[PlyCount "58"]
[EventDate "2018.09.14"]
[EventType "tourn"]
[EventRounds "9"]
[EventCountry "USA"]
[SourceDate "2018.10.18"]

1. d4 d5 2. Nf3 Nf6 3. g3 b5 4. Bg2 e6 5. O-O Nbd7 6. c3 c5 7. a4 b4 8. Bf4 a5
9. Nbd2 Ba6 10. Re1 bxc3 11. bxc3 cxd4 12. cxd4 Bb4 13. Rc1 O-O 14. Bc7 Qe7 15.
e3 Rfc8 16. Be5 Nb6 17. Bxf6 Qxf6 18. Rxc8+ Rxc8 19. e4 Qd8 20. e5 h6 21. Bf1
Bxf1 22. Rxf1 Qd7 23. Nb3 Nxa4 24. Qa1 Qb5 25. Rb1 Nc3 26. Rf1 Ne4 27. Qa2 Qd3
28. Kg2 Rc3 29. Ne1 Qc4 0-1

[Event "Oregon Closed Invitational"]
[Site "Portland, OR"]
[Date "2018.09.22"]
[Round "6.1"]
[White "Tobin, Sean"]
[Black "Shannon, Paul D"]
[Result "1-0"]
[WhiteElo "2001"]
[BlackElo "2000"]
[PlyCount "61"]
[EventDate "2018.09.14"]
[EventType "tourn"]
[EventRounds "9"]
[EventCountry "USA"]
[SourceDate "2018.10.18"]

1. e4 e6 2. d4 d5 3. e5 c5 4. c3 Nc6 5. Bd3 Qb6 6. Nf3 Bd7 7. O-O cxd4 8. cxd4
Nb4 9. Be2 Bb5 10. Nc3 Bxe2 11. Qxe2 a6 12. Bg5 h6 13. Be3 Ne7 14. Rfc1 Nf5 15.
a3 Nc6 16. b4 Be7 17. g4 Nh4 18. Nxh4 Bxh4 19. f4 Be7 20. Kg2 g6 21. f5 gxf5
22. gxf5 Kd7 23. f6 Rag8+ 24. Kh1 Bf8 25. b5 Na5 26. Na4 Qd8 27. bxa6 bxa6 28.
Qxa6 Nc4 29. Rcb1 Qa5 30. Rb7+ Kd8 31. Rb8+ 1-0

[Event "Oregon Closed Invitational"]
[Site "Portland, OR"]
[Date "2018.09.22"]
[Round "6.2"]
[White "Deeth, Steven B"]
[Black "Sherrard, Jerry"]
[Result "1-0"]
[WhiteElo "2019"]
[BlackElo "2042"]
[PlyCount "103"]
[EventDate "2018.09.14"]
[EventType "tourn"]
[EventRounds "9"]
[EventCountry "USA"]
[SourceDate "2018.10.18"]

1. d4 Nf6 2. c4 e6 3. Nc3 c5 4. d5 exd5 5. cxd5 d6 6. e4 g6 7. Bd3 Bg7 8. h3
O-O 9. Bg5 Na6 10. Nf3 Qe8 11. O-O Nc7 12. a4 b6 13. Re1 Nd7 14. Bb5 f6 15. Bf4
Qe7 16. Qd2 Ne5 17. Be2 a6 18. Nxe5 fxe5 19. Be3 Qe8 20. Reb1 Bd7 21. b4 Rb8
22. bxc5 bxc5 23. Rxb8 Qxb8 24. Rb1 Qd8 25. Bf1 Bf6 26. Rb7 Bc8 27. Rb8 Qd7 28.
Qb2 Bd8 29. Be2 h5 30. Nb1 Be7 31. Qb3 Bh4 32. Nd2 Ne8 33. Nf3 Bd8 34. Qb1 Ng7
35. Bd2 Bc7 36. Rb2 Qd8 37. Qf1 Qe8 38. a5 Qa4 39. Ng5 Bxa5 40. Bxa5 Qxa5 41.
Qb1 Bd7 42. h4 Rc8 43. Rb7 Be8 44. Bc4 Bb5 45. Bxb5 axb5 46. Rxb5 Qd8 47. Rb7
Ne8 48. Qc1 Nc7 49. Qc3 Ne8 50. Qe3 c4 51. Ne6 Ra8 52. Nxd8 1-0

[Event "Oregon Closed Invitational"]
[Site "Portland, OR"]
[Date "2018.09.22"]
[Round "6.3"]
[White "Richardson, Ryan"]
[Black "Wu, Ethan"]
[Result "1-0"]
[WhiteElo "2080"]
[BlackElo "1951"]
[PlyCount "75"]
[EventDate "2018.09.14"]
[EventType "tourn"]
[EventRounds "9"]
[EventCountry "USA"]
[SourceDate "2018.10.18"]

1. e4 e6 2. d3 d5 3. Nd2 c5 4. g3 Nf6 5. Ngf3 Nc6 6. Bg2 g6 7. O-O Bg7 8. Re1
O-O 9. c3 d4 10. Nb3 Nd7 11. cxd4 cxd4 12. Bg5 f6 13. Bd2 e5 14. Nh4 Qe7 15.
Re2 Nc5 16. Nxc5 Qxc5 17. Qb3+ Kh8 18. Rc1 Qb6 19. Qxb6 axb6 20. a3 Be6 21. f4
Rac8 22. f5 Bf7 23. fxg6 hxg6 24. Bh3 Rcd8 25. b4 g5 26. Nf5 Bh5 27. Rf2 g4 28.
Bf1 Rd7 29. Be2 Rg8 30. Nxg7 Kxg7 31. Rcf1 Rd6 32. h3 Kf7 33. Bd1 Rg7 34. b5
Nb8 35. Bb4 Re6 36. Bb3 Nd7 37. h4 Bg6 38. Rc1 1-0

[Event "Oregon Closed Invitational"]
[Site "Portland, OR"]
[Date "2018.09.22"]
[Round "6.5"]
[White "Nair, Roshen Sanjay"]
[Black "Rachmuth, Moshe"]
[Result "1-0"]
[WhiteElo "1953"]
[BlackElo "1920"]
[PlyCount "97"]
[EventDate "2018.09.14"]
[EventType "tourn"]
[EventRounds "9"]
[EventCountry "USA"]
[SourceDate "2018.10.18"]

1. c4 e6 2. Nf3 d5 3. b3 Nf6 4. g3 c5 5. Bb2 Nc6 6. e3 dxc4 7. bxc4 Bd7 8. Bg2
Rc8 9. O-O Be7 10. Qe2 O-O 11. d4 cxd4 12. exd4 Qa5 13. Nbd2 Ba3 14. Nb3 Qb4
15. Bxa3 Qxa3 16. Ne5 b6 17. Rfd1 Rfd8 18. f4 Nb4 19. Rd2 Ba4 20. Rb1 Bc6 21.
Nxc6 Nxc6 22. Rbd1 Qa6 23. d5 exd5 24. cxd5 Qxe2 25. Rxe2 Rd6 26. Rc1 Nxd5 27.
Bxd5 Rxd5 28. Rxc6 Rcd8 29. Rd2 h5 30. Rxd5 Rxd5 31. Rc2 h4 32. Rd2 Rf5 33. Kf2
hxg3+ 34. hxg3 g5 35. Kf3 gxf4 36. gxf4 Rb5 37. Ke4 a5 38. Rd5 Rb4+ 39. Rd4 Rb5
40. Kd3 Rh5 41. Re4 Kf8 42. Nd4 Rh1 43. Kc4 Rb1 44. Kc3 Rf1 45. a4 Kg8 46. Nf5
Rc1+ 47. Kd4 Rb1 48. Nd6 Kg7 49. Kd5 1-0

[Event "Oregon Closed Invitational"]
[Site "Portland, OR"]
[Date "2018.09.22"]
[Round "7.1"]
[White "Nair, Roshen Sanjay"]
[Black "Tobin, Sean"]
[Result "1-0"]
[WhiteElo "1953"]
[BlackElo "2001"]
[PlyCount "79"]
[EventDate "2018.09.14"]
[EventType "tourn"]
[EventRounds "9"]
[EventCountry "USA"]
[SourceDate "2018.10.18"]

1. c4 e5 2. g3 Nf6 3. Bg2 Nc6 4. Nc3 Bb4 5. Nd5 Bc5 6. e3 O-O 7. Ne2 Re8 8. O-O
a5 9. d4 Ba7 10. Qd2 d6 11. Nxf6+ Qxf6 12. d5 Nb4 13. a3 Na6 14. Qxa5 Bd7 15.
Qc3 Qh6 16. b4 Bh3 17. Bb2 f6 18. Qd2 Rad8 19. Nc3 Kh8 20. Qe2 Bxg2 21. Kxg2 f5
22. Qd2 c6 23. dxc6 bxc6 24. b5 cxb5 25. cxb5 Nc5 26. Rab1 Rd7 27. Nd5 Ne4 28.
Qe2 Bc5 29. a4 Ng5 30. h4 Ne6 31. Bc1 g5 32. hxg5 Qxg5 33. Rh1 Rg8 34. Qh5 Qg7
35. Qh6 Qf7 36. Qf6+ Rg7 37. Rh6 Qxf6 38. Rxf6 Nc7 39. Rf8+ Rg8 40. Rxg8+ 1-0

[Event "Oregon Closed Invitational"]
[Site "Portland, OR"]
[Date "2018.09.22"]
[Round "7.3"]
[White "Cosner, Karl"]
[Black "Richardson, Ryan"]
[Result "1/2-1/2"]
[WhiteElo "1995"]
[BlackElo "2080"]
[PlyCount "50"]
[EventDate "2018.09.14"]
[EventType "tourn"]
[EventRounds "9"]
[EventCountry "USA"]
[SourceDate "2018.10.18"]

1. d4 Nf6 2. Bg5 g6 3. Bxf6 exf6 4. e3 Bg7 5. c4 d5 6. Nc3 dxc4 7. Bxc4 O-O 8.
Nf3 Nd7 9. O-O c5 10. a4 cxd4 11. Nxd4 a6 12. Qd2 Ne5 13. Bd5 Qc7 14. Rfd1 Bd7
15. Rac1 Rac8 16. Ne4 Qb8 17. Nc5 Rc7 18. Rc3 Rfc8 19. Rdc1 Bf8 20. Nde6 fxe6
21. Nxd7 Nxd7 22. Bxe6+ Kg7 23. Rxc7 Rxc7 24. Rxc7 Qxc7 25. Bxd7 Bd6 1/2-1/2

[Event "Oregon Closed Invitational"]
[Site "Portland, OR"]
[Date "2018.09.22"]
[Round "7.4"]
[White "Wu, Ethan"]
[Black "Deeth, Steven B"]
[Result "1-0"]
[WhiteElo "1951"]
[BlackElo "2019"]
[PlyCount "55"]
[EventDate "2018.09.14"]
[EventType "tourn"]
[EventRounds "9"]
[EventCountry "USA"]
[SourceDate "2018.10.18"]

1. d4 d5 2. c4 c6 3. Nc3 Nf6 4. Nf3 e6 5. Bg5 h6 6. Bh4 dxc4 7. e4 g5 8. Bg3 b5
9. Be5 Rg8 10. a4 Bb4 11. Bxf6 Qxf6 12. e5 Qd8 13. Be2 Bb7 14. O-O a6 15. Ne4
Nd7 16. b3 cxb3 17. Qxb3 Be7 18. Nfd2 Qb6 19. Bh5 c5 20. axb5 axb5 21. Nd6+
Bxd6 22. Qxe6+ Kd8 23. Rxa8+ Bxa8 24. Bxf7 Rh8 25. exd6 cxd4 26. Qe7+ Kc8 27.
Rc1+ Bc6 28. Bd5 1-0

[Event "Oregon Closed Invitational"]
[Site "Portland, OR"]
[Date "2018.09.22"]
[Round "7.5"]
[White "Sherrard, Jerry"]
[Black "Shannon, Paul D"]
[Result "1-0"]
[WhiteElo "2042"]
[BlackElo "2000"]
[PlyCount "61"]
[EventDate "2018.09.14"]
[EventType "tourn"]
[EventRounds "9"]
[EventCountry "USA"]
[SourceDate "2018.10.18"]

1. e4 c6 2. d4 d5 3. Nc3 dxe4 4. Nxe4 Nf6 5. Nxf6+ gxf6 6. c3 Bf5 7. Nf3 Qc7 8.
g3 Nd7 9. Bg2 e6 10. Nh4 Bg6 11. Qe2 O-O-O 12. O-O Bd6 13. b4 f5 14. b5 c5 15.
dxc5 Nxc5 16. Bg5 Rde8 17. a4 f4 18. Rfd1 fxg3 19. hxg3 Nd7 20. a5 f6 21. Be3
Bc5 22. a6 b6 23. Qf3 Bxe3 24. Qxe3 Ne5 25. Rd4 Re7 26. Rad1 Rg8 27. Nxg6 hxg6
28. Qe4 Nd7 29. Rd6 Nc5 30. Qa8+ Qb8 31. Rd8+ 1-0

[Event "Oregon Closed Invitational"]
[Site "Portland, OR"]
[Date "2018.09.23"]
[Round "8.1"]
[White "Tobin, Sean"]
[Black "Sherrard, Jerry"]
[Result "1-0"]
[WhiteElo "2001"]
[BlackElo "2042"]
[PlyCount "107"]
[EventDate "2018.09.14"]
[EventType "tourn"]
[EventRounds "9"]
[EventCountry "USA"]
[SourceDate "2018.10.18"]

1. d4 Nf6 2. c4 e6 3. Nc3 Bb4 4. Nf3 d5 5. cxd5 Nxd5 6. Bd2 O-O 7. e4 Nf6 8. e5
Nd5 9. Bd3 Nxc3 10. bxc3 Be7 11. h4 h6 12. Qc1 c5 13. Bxh6 cxd4 14. cxd4 Nc6
15. Qf4 f5 16. Bg5 Nb4 17. Qd2 Nxd3+ 18. Qxd3 Qa5+ 19. Bd2 Qd5 20. O-O Bd7 21.
Qb3 Bc6 22. Rfe1 Qxb3 23. axb3 Bxf3 24. gxf3 Bxh4 25. f4 Rfd8 26. Be3 Rd5 27.
Rec1 a6 28. Rc3 Rad8 29. Rac1 Kf7 30. Rc7+ R8d7 31. Kg2 Bd8 32. Rxd7+ Rxd7 33.
Kf3 Ba5 34. Ke2 Ke7 35. Kd3 Bb6 36. Rc4 Kd8 37. Rc1 Rc7 38. Rg1 Ba5 39. Bd2
Bxd2 40. Kxd2 Rd7 41. Kd3 Kc7 42. Rg6 Re7 43. Kc4 b6 44. d5 exd5+ 45. Kxd5 Rd7+
46. Ke6 Rd3 47. Rxg7+ Kc6 48. Rg3 Rd4 49. Rc3+ Kb5 50. Kxf5 Rd2 51. e6 Kb4 52.
Re3 Rd8 53. e7 Re8 54. Ke6 1-0

[Event "Oregon Closed Invitational"]
[Site "Portland, OR"]
[Date "2018.09.23"]
[Round "8.2"]
[White "Shannon, Paul D"]
[Black "Wu, Ethan"]
[Result "0-1"]
[WhiteElo "2000"]
[BlackElo "1951"]
[PlyCount "102"]
[EventDate "2018.09.14"]
[EventType "tourn"]
[EventRounds "9"]
[EventCountry "USA"]
[SourceDate "2018.10.18"]

1. d4 d5 2. Nf3 Nf6 3. c4 c6 4. Qc2 e6 5. Nc3 Nbd7 6. g3 Bd6 7. Bg2 O-O 8. O-O
dxc4 9. a4 Rb8 10. e4 e5 11. Re1 Qc7 12. Be3 b5 13. axb5 cxb5 14. dxe5 Nxe5 15.
Nxe5 Bxe5 16. Rxa7 Qd8 17. Rd1 Qe8 18. f4 Bxc3 19. bxc3 Bg4 20. Rda1 Bf5 21.
Bc5 Nxe4 22. Bxf8 Nxg3 23. Qd2 Ne2+ 24. Kh1 Kxf8 25. Qd6+ Kg8 26. Qxb8 Qxb8 27.
Ra8 Qf8 28. Rxf8+ Kxf8 29. Ra8+ Ke7 30. Ra7+ Kf6 31. Ra6+ Be6 32. Ra3 Nxf4 33.
Bc6 Bd5+ 34. Bxd5 Nxd5 35. Kg2 Ke5 36. Kf3 f5 37. h4 g6 38. Ke2 Kf4 39. Kd2 Kg4
40. Ra1 f4 41. Ra5 Kxh4 42. Rxb5 Nf6 43. Rb4 Ne4+ 44. Ke1 Kg4 45. Rxc4 Kf3 46.
Rc7 h5 47. Kf1 h4 48. c4 h3 49. Rd7 h2 50. Rd3+ Kg4 51. Kg2 h1=Q+ 0-1

[Event "Oregon Closed Invitational"]
[Site "Portland, OR"]
[Date "2018.09.23"]
[Round "8.3"]
[White "Deeth, Steven B"]
[Black "Cosner, Karl"]
[Result "1-0"]
[WhiteElo "2019"]
[BlackElo "1995"]
[PlyCount "79"]
[EventDate "2018.09.14"]
[EventType "tourn"]
[EventRounds "9"]
[EventCountry "USA"]
[SourceDate "2018.10.18"]

1. d4 Nf6 2. c4 e6 3. Nc3 Bb4 4. e3 O-O 5. Nge2 b6 6. a3 Bxc3+ 7. Nxc3 d5 8.
cxd5 exd5 9. Bd3 Re8 10. O-O Ba6 11. Bxa6 Nxa6 12. Qd3 Qc8 13. b4 c5 14. dxc5
bxc5 15. b5 Nc7 16. Bb2 Qg4 17. h3 Qg5 18. Rfd1 Re6 19. Rac1 Rae8 20. Qf1 Nd7
21. Ne2 d4 22. Nxd4 Rg6 23. Nf3 Qe7 24. Qd3 Nb6 25. Qc2 Ne6 26. Ne5 Rg5 27. a4
Nf8 28. a5 Qb7 29. f4 Rgxe5 30. Bxe5 Nbd7 31. Bd6 Rxe3 32. Bxc5 Nxc5 33. Qxc5
Re2 34. Qc6 Qe7 35. Qf3 h6 36. b6 Re3 37. Qf2 axb6 38. axb6 Re2 39. Re1 Qe3 40.
Qxe3 1-0

[Event "Oregon Closed Invitational"]
[Site "Portland, OR"]
[Date "2018.09.23"]
[Round "8.4"]
[White "Richardson, Ryan"]
[Black "Rachmuth, Moshe"]
[Result "1/2-1/2"]
[WhiteElo "2080"]
[BlackElo "1920"]
[PlyCount "41"]
[EventDate "2018.09.14"]
[EventType "tourn"]
[EventRounds "9"]
[EventCountry "USA"]
[SourceDate "2018.10.18"]

1. e4 e5 2. Nf3 Nf6 3. Nc3 Nc6 4. Bb5 Nd4 5. Bc4 Nxf3+ 6. Qxf3 c6 7. a4 d6 8.
h3 Be7 9. d3 O-O 10. O-O Be6 11. Ba2 Bxa2 12. Rxa2 Qd7 13. Bg5 Qe6 14. Raa1
Rae8 15. Rae1 Nd7 16. Bxe7 Rxe7 17. Qe3 a6 18. f4 f5 19. fxe5 Qxe5 20. d4 Qa5
21. Qd3 1/2-1/2

[Event "Oregon Closed Invitational"]
[Site "Portland, OR"]
[Date "2018.09.23"]
[Round "9.2"]
[White "Richardson, Ryan"]
[Black "Nair, Roshen Sanjay"]
[Result "1/2-1/2"]
[WhiteElo "2080"]
[BlackElo "1953"]
[PlyCount "77"]
[EventDate "2018.09.14"]
[EventType "tourn"]
[EventRounds "9"]
[EventCountry "USA"]
[SourceDate "2018.10.18"]

1. Nf3 d5 2. g3 Nf6 3. Bg2 e6 4. O-O Be7 5. d3 O-O 6. Nbd2 b6 7. e4 Bb7 8. e5
Nfd7 9. Re1 c5 10. h4 Re8 11. Bh3 Nf8 12. h5 h6 13. Nf1 Nc6 14. N1h2 Bc8 15.
Ng4 f6 16. Bf4 f5 17. Ne3 Nh7 18. Bg2 Bd7 19. c3 Rf8 20. Nc2 Be8 21. Nd2 Bg5
22. c4 d4 23. b4 Bxf4 24. gxf4 Rc8 25. Nb3 Nb8 26. Qf3 Qh4 27. a4 Bxh5 28. Qg3
Qe7 29. a5 g5 30. Qh2 Qf7 31. axb6 axb6 32. bxc5 bxc5 33. Ra5 gxf4 34. Qxf4 Ng5
35. Nxc5 Nc6 36. Ra6 Nb8 37. Ra5 Nc6 38. Ra6 Nb8 39. Ra5 1/2-1/2

[Event "Oregon Closed Invitational"]
[Site "Portland, OR"]
[Date "2018.09.23"]
[Round "9.3"]
[White "Rachmuth, Moshe"]
[Black "Deeth, Steven B"]
[Result "1/2-1/2"]
[WhiteElo "1920"]
[BlackElo "2019"]
[PlyCount "59"]
[EventDate "2018.09.14"]
[EventType "tourn"]
[EventRounds "9"]
[EventCountry "USA"]
[SourceDate "2018.10.18"]

1. e4 e5 2. Nf3 Nc6 3. d4 exd4 4. Bc4 Nf6 5. e5 d5 6. Bb5 Ne4 7. Nxd4 Bc5 8.
O-O Bd7 9. Bxc6 bxc6 10. f3 Ng5 11. Be3 Ne6 12. Nc3 O-O 13. Qd2 Be7 14. Nxe6
Bxe6 15. Na4 f6 16. Nc5 Bxc5 17. Bxc5 Re8 18. exf6 Qxf6 19. Bd4 Qg6 20. c3 a6
21. Rfe1 Bf5 22. Qf4 Qf7 23. g4 Bg6 24. Qxf7+ Kxf7 25. b4 Bd3 26. Kf2 Bc4 27.
a3 Rad8 28. Rxe8 Rxe8 29. Re1 g6 30. Rxe8 1/2-1/2

[Event "Oregon Closed Invitational"]
[Site "Portland, OR"]
[Date "2018.09.23"]
[Round "9.4"]
[White "Shannon, Paul D"]
[Black "Cosner, Karl"]
[Result "0-1"]
[WhiteElo "2000"]
[BlackElo "1995"]
[PlyCount "116"]
[EventDate "2018.09.14"]
[EventType "tourn"]
[EventRounds "9"]
[EventCountry "USA"]
[SourceDate "2018.10.18"]

1. d4 Nf6 2. Nf3 e6 3. g3 b6 4. Bg2 Bb7 5. O-O c5 6. c3 Be7 7. Nbd2 d6 8. Re1
O-O 9. e4 Qc7 10. b3 cxd4 11. cxd4 Na6 12. Ba3 Rac8 13. Rc1 Qb8 14. Qe2 Rfe8
15. Rxc8 Rxc8 16. e5 Nd5 17. Nc4 Nab4 18. exd6 Bxd6 19. Nxd6 Qxd6 20. Ng5 h6
21. Ne4 Qd8 22. Bxb4 Nxb4 23. Nf6+ Qxf6 24. Bxb7 Rc2 25. Qe3 Rxa2 26. Rc1 Rc2
27. Ra1 a5 28. Be4 Rc8 29. Rd1 Qd8 30. Bb1 Nd5 31. Qd3 g6 32. Re1 Rc3 33. Qb5
Qc8 34. Be4 Qc6 35. Qxc6 Rxc6 36. Bxd5 exd5 37. Re8+ Kg7 38. Rd8 Rc3 39. b4 a4
40. Ra8 Rc4 41. Rxa4 Rxd4 42. Kf1 b5 43. Ra1 Rxb4 44. Rd1 d4 45. Rd2 Kf6 46.
Ke2 Ke5 47. Rc2 Rc4 48. Rb2 Rc5 49. Kd3 Kd5 50. Ra2 Rc3+ 51. Ke2 Ke4 52. Ra7
Rc2+ 53. Ke1 Kd3 54. Ra3+ Rc3 55. Ra1 b4 56. Rd1+ Ke4 57. Rb1 b3 58. h4 d3 0-1

[Event "Oregon Closed Invitational"]
[Site "Portland, OR"]
[Date "2018.09.23"]
[Round "9.5"]
[White "Wu, Ethan"]
[Black "Sherrard, Jerry"]
[Result "1/2-1/2"]
[WhiteElo "1951"]
[BlackElo "2042"]
[PlyCount "53"]
[EventDate "2018.09.14"]
[EventType "tourn"]
[EventRounds "9"]
[EventCountry "USA"]
[SourceDate "2018.10.18"]

1. d4 Nf6 2. c4 e6 3. Nc3 Bb4 4. Qc2 c5 5. dxc5 Bxc5 6. Nf3 b6 7. Bg5 h6 8. Bh4
Bb7 9. e4 Nc6 10. a3 a6 11. O-O-O Rc8 12. Kb1 Be7 13. e5 Ng4 14. Bxe7 Nxe7 15.
Re1 Qc7 16. h3 Bxf3 17. hxg4 Bxg4 18. Bd3 Bf5 19. Bxf5 Nxf5 20. Ne4 O-O 21. g4
Nd4 22. Qd2 f5 23. Nf6+ Rxf6 24. exf6 Nf3 25. Qb4 Qxc4 26. Qe7 Nd2+ 27. Ka1
1/2-1/2